| 000 | 00777cam a2200253 4500 | ||
|---|---|---|---|
| 008 | 090401t1995 xxu||||| |||| 00| 0 eng d | ||
| 020 | _a0727720643 | ||
| 035 | _a(Sirsi) u28703 | ||
| 041 | _aeng | ||
| 050 | _a658.99 | ||
| 100 | _aEdwards, Leslie | ||
| 245 | _aPractical risk management in the construction industry. | ||
| 260 |
_aLondon _bThomas Telford _c1995 |
||
| 300 | _a122p. ; 22cm. | ||
| 350 | _a17.5 | ||
| 490 | _aEngineering Management | ||
| 520 | _aAfter discussing the general principles of risk management, the author looks at how they can be applied to the construction industry. | ||
| 650 | _aCONSTRUCTION INDUSTRY | ||
| 650 | _aRISK ANALYSIS | ||
| 650 | _aRISK MANAGEMENT | ||
| 690 | _aBUILT ENVIRONMENT | ||
| 942 | _n0 | ||
| 948 | _c04/03/1997 | ||
| 999 |
_c89327 _d89327 |
||